[Event "1st Kasimdzhanov Cup"]
[Site "Tashkent UZB"]
[Date "2023.03.28"]
[Round "2"]
[White "Nodirbek Abdusattorov"]
[Black "Rustam Kasimdzhanov"]
[Result "1-0"]
[EventDate "?"]
[WhiteElo "2714"]
[BlackElo "2662"]
[PlyCount "100"]

1. e4 e5 2. Nf3 Nc6 3. Bc4 Bc5 4. d3 Nf6 5. Nc3 O-O 6. O-O a6 7. Be3 Bxe3 8. fxe3 d6 9. d4 h6 10. a3 Bg4 11. Qd3 Kh8 12. Nh4 Nh7 13. Nf5 Ne7 14. Ng3 Ng5 15. Rf2 b5 16. Ba2 c5 17. dxc5 dxc5 18. Qxd8 Raxd8 19. h4 Ne6 20. a4 b4 21. Nd5 Nxd5 22. exd5 Nc7 23. Rd2 f5 24. a5 Rf6 25. Bc4 Rfd6 26. e4 f4 27. Nh1 Ne8 28. Nf2 Nf6 29. Re1 Bh5 30. Nd3 Nd7 31. g3 Rg6 32. Kh2 Rxg3 33. Bxa6 Nf6 34. Rg2 Ng4+ 35. Kg1 Rh3 36. Rxg4 Bxg4 37. Nxe5 Bh5 38. Be2 f3 39. Bxf3 Rxf3 40. Nxf3 Bxf3 41. Kf2 Bg4 42. a6 Ra8 43. Ra1 Ra7 44. e5 Bc8 45. Ra5 Rxa6 46. Rxc5 Bf5 47. Ke3 Kg8 48. Kf4 g6 49. h5 b3 50. cxb3 1-0

[Event "1st Kasimdzhanov Cup"]
[Site "Tashkent UZB"]
[Date "2023.03.28"]
[Round "3"]
[White "Van Foreest, Jorden"]
[Black "Nodirbek Abdusattorov"]
[Result "0-1"]
[EventDate "?"]
[WhiteElo "2682"]
[BlackElo "2714"]
[PlyCount "84"]

1. d4 Nf6 2. c4 e6 3. Nc3 Bb4 4. f3 d5 5. a3 Be7 6. e4 dxe4 7. fxe4 c5 8. d5 exd5 9. exd5 O-O 10. Nf3 Bg4 11. Be2 Bd6 12. O-O Bxf3 13. Bxf3 a6 14. g4 Be5 15. Kh1 Ne8 16. Ne4 Nd7 17. Be3 Nd6 18. Qc2 Qc7 19. Ng5 g6 20. Qg2 Rfe8 21. Rae1 Nf8 22. Bc1 Re7 23. b3 Rae8 24. Ne6 Nxe6 25. dxe6 Rxe6 26. Bd5 Bc3 27. Bxe6 Bxe1 28. Bd5 Bc3 29. Qf3 Be5 30. Bg5 Qd7 31. b4 Bd4 32. bxc5 Bxc5 33. Qf6 Be3 34. Bxe3 Rxe3 35. c5 Nf5 36. Bg2 Re6 37. Qb2 Ne3 38. Rb1 Nd1 39. Qb4 a5 40. c6 Qe8 41. Qf4 Re1+ 42. Bf1 Qxc6+ 0-1

[Event "1st Kasimdzhanov Cup"]
[Site "Tashkent UZB"]
[Date "2023.03.28"]
[Round "4"]
[White "Nodirbek Abdusattorov"]
[Black "Parham Maghsoodloo"]
[Result "0-1"]
[EventDate "?"]
[WhiteElo "2714"]
[BlackElo "2660"]
[PlyCount "86"]

1. e4 c5 2. Nf3 d6 3. c3 Nf6 4. Be2 Nbd7 5. Qc2 Qc7 6. O-O a6 7. c4 Ne5 8. Nc3 e6 9. d3 Nfd7 10. a3 g6 11. b4 Bg7 12. Nxe5 Nxe5 13. bxc5 dxc5 14. Be3 Nc6 15. Bxc5 Qa5 16. Na4 Nd4 17. Bxd4 Bxd4 18. Rab1 Bd7 19. Nb6 Rd8 20. Nxd7 Rxd7 21. a4 h5 22. Kh1 g5 23. f4 gxf4 24. Rxf4 Qg5 25. Rbf1 Be5 26. R4f3 Rg8 27. Bd1 h4 28. a5 Rg6 29. Qa2 Kf8 30. Ba4 Rc7 31. Qf2 f6 32. Rg1 Bc3 33. Qa7 Qxa5 34. d4 Kg7 35. Be8 Rg4 36. d5 exd5 37. cxd5 Rxe4 38. d6 Bd4 39. Qb8 Bxg1 40. Rf1 Bxh2 41. Qd8 Rf4 42. Rg1 Bxg1 43. dxc7 Qe1 0-1

[Event "1st Kasimdzhanov Cup"]
[Site "Tashkent UZB"]
[Date "2023.03.28"]
[Round "5"]
[White "Shakhriyar Mamedyarov"]
[Black "Nodirbek Abdusattorov"]
[Result "0-1"]
[EventDate "?"]
[WhiteElo "2703"]
[BlackElo "2714"]
[PlyCount "90"]

1. d4 Nf6 2. Nf3 e6 3. c4 Bb4+ 4. Nbd2 d5 5. Qa4+ Nc6 6. e3 a5 7. Qc2 O-O 8. a3 Be7 9. b3 Nb8 10. Bb2 b6 11. Bd3 Bb7 12. cxd5 exd5 13. Rc1 Bd6 14. O-O Qe7 15. Ne5 c5 16. Rfe1 a4 17. bxa4 c4 18. Be2 Nbd7 19. e4 Nxe4 20. Nxe4 dxe4 21. Nxc4 Bf4 22. Ne3 Nf6 23. Qb3 Qd6 24. g3 Bxe3 25. fxe3 Bd5 26. Qd1 h6 27. Rf1 Nh7 28. Rf5 Ng5 29. Bc3 Qd7 30. Rf1 Nf3+ 31. Kg2 Rfc8 32. Bb4 h5 33. Rxc8+ Rxc8 34. Qb1 Qc7 35. Ba6 Bb7 36. Bxb7 Qxb7 37. Rc1 Rxc1 38. Qxc1 Qd5 39. Be1 g5 40. Bf2 Kg7 41. Qb2 h4 42. gxh4 gxh4 43. Qxb6 Qg5+ 44. Kh1 h3 45. Bg3 Qxe3 0-1

[Event "Tata Steel India"]
[Site "Kolkata IND"]
[Date "2022.12.04"]
[Round "15"]
[White "R Praggnanandhaa"]
[Black "Nodirbek Abdusattorov"]
[Result "1/2-1/2"]
[EventDate "2022.11.29"]
[WhiteElo "2684"]
[BlackElo "2713"]
[PlyCount "106"]

1. Nf3 d5 2. g3 Nc6 3. d4 Bf5 4. Bg2 Nb4 5. Na3 e6 6. O-O Be7 7. Ne5 Nf6 8. c3 Nc6 9. Qa4 O-O 10. Nxc6 bxc6 11. Qxc6 h5 12. c4 Rb8 13. c5 Qd7 14. Qxd7 Nxd7 15. e4 Bxe4 16. Bxe4 dxe4 17. Nc4 f5 18. Bf4 Rfc8 19. h4 Nf6 20. b3 Nd5 21. Be5 Bf6 22. f3 exf3 23. Rxf3 Re8 24. Re1 Kf7 25. a3 Rbd8 26. b4 a6 27. Kg2 Rd7 28. Rb3 Rb8 29. Na5 Ne7 30. Bxf6 gxf6 31. Rbe3 Rxd4 32. Rxe6 Rd2+ 33. R6e2 Rxe2+ 34. Rxe2 Rg8 35. Kf3 Rg4 36. Nb7 Nc6 37. Re3 Ne5+ 38. Ke2 f4 39. gxf4 Rxf4 40. Nd8+ Ke7 41. Nc6+ Ke6 42. a4 Rxh4 43. b5 Rxa4 44. b6 cxb6 45. cxb6 Kd6 46. Nxe5 fxe5 47. Rb3 Re4+ 48. Kd2 Rd4+ 49. Ke2 Re4+ 50. Kd2 Rd4+ 51. Ke2 Re4+ 52. Kd2 Rd4+ 53. Ke2 1/2-1/2

[Event "Tata Steel India"]
[Site "Kolkata IND"]
[Date "2022.12.04"]
[Round "11"]
[White "Nodirbek Abdusattorov"]
[Black "Sarin Nihal"]
[Result "1-0"]
[EventDate "2022.11.29"]
[WhiteElo "2713"]
[BlackElo "2670"]
[PlyCount "144"]

1. e4 g6 2. d4 Bg7 3. Nc3 d6 4. Nf3 Nc6 5. Be2 a6 6. O-O Nf6 7. h3 O-O 8. a4 e5 9. dxe5 Nxe5 10. Nxe5 dxe5 11. Be3 Qe7 12. Nd5 Nxd5 13. Qxd5 Rd8 14. Qb3 b6 15. Rfd1 Bb7 16. f3 a5 17. Bc4 Bf6 18. c3 Kg7 19. Rxd8 Rxd8 20. Rd1 Rxd1+ 21. Qxd1 Bc6 22. Bb5 Bxb5 23. axb5 Bg5 24. Bf2 Qe6 25. b3 h5 26. h4 Be7 27. c4 a4 28. bxa4 Qxc4 29. Kh2 Qa2 30. Bg3 Bd6 31. Be1 Bc5 32. Bc3 Qe6 33. f4 Bd6 34. Qf3 f6 35. f5 gxf5 36. Qxf5 Qc4 37. Be1 Qe2 38. Qd7+ Kh6 39. Qf5 Kg7 40. Bg3 Bc5 41. Qd7+ Kg6 42. Qe8+ Kg7 43. Qd7+ Kg6 44. Qf5+ Kg7 45. Kh3 Qd1 46. Bh2 Qd3+ 47. Qf3 Qd7+ 48. g4 Qe6 49. Bg3 Kf7 50. Qf5 hxg4+ 51. Kxg4 Qc4 52. h5 Qxa4 53. Qg6+ Ke6 54. Qe8+ Be7 55. Qg8+ Kd7 56. Qd5+ Ke8 57. h6 f5+ 58. Kxf5 Qa3 59. Qg8+ Kd7 60. Qe6+ Ke8 61. Qg6+ Kd7 62. Bxe5 Qf3+ 63. Bf4 Bd6 64. Qg4 Qh1 65. Kg6+ Kd8 66. e5 Qe4+ 67. Qf5 Qg2+ 68. Bg5+ Be7 69. Qf8+ Kd7 70. Qxe7+ Kc8 71. Qe8+ Kb7 72. Qc6+ 1-0

[Event "Tata Steel India"]
[Site "Kolkata IND"]
[Date "2022.12.04"]
[Round "13"]
[White "S Vidit"]
[Black "Nodirbek Abdusattorov"]
[Result "0-1"]
[EventDate "2022.11.29"]
[WhiteElo "2730"]
[BlackElo "2713"]
[PlyCount "74"]

1. d4 Nf6 2. c4 e6 3. Nc3 Bb4 4. e3 O-O 5. Bd3 c5 6. Nf3 d6 7. O-O Bxc3 8. bxc3 Nc6 9. e4 e5 10. d5 Ne7 11. Nd2 Ne8 12. Qe2 f5 13. f4 exf4 14. Rxf4 Ng6 15. Rf2 Ne5 16. exf5 Nf6 17. h3 Qa5 18. Bb2 Bd7 19. Nf3 Rae8 20. Ng5 Neg4 21. Ne6 Nxf2 22. Qxf2 Rf7 23. g4 b5 24. cxb5 Nxd5 25. Ng5 Bxb5 26. Nxf7 Bxd3 27. Nxd6 Re2 28. Qf3 c4 29. Ba3 Re3 30. Qf2 Qxa3 31. Nb5 Qe7 32. Nd4 Qe5 33. Nc6 Qe4 34. Qh4 h6 35. Qd8+ Kh7 36. Qd6 Nf4 37. Kf2 Qf3+ 0-1

[Event "Tata Steel India"]
[Site "Kolkata IND"]
[Date "2022.12.04"]
[Round "16"]
[White "Nodirbek Abdusattorov"]
[Black "W So"]
[Result "1/2-1/2"]
[EventDate "2022.11.29"]
[WhiteElo "2713"]
[BlackElo "2760"]
[PlyCount "96"]

1. d4 Nf6 2. c4 e6 3. Nc3 d5 4. Nf3 Be7 5. Bg5 h6 6. Bh4 dxc4 7. e3 c5 8. Bxc4 cxd4 9. Nxd4 Bd7 10. O-O O-O 11. Bg3 Nc6 12. Ndb5 Ne8 13. Qe2 a6 14. Nd4 Nxd4 15. exd4 Nf6 16. Rfd1 Bc6 17. Be5 Re8 18. Rac1 Rc8 19. Bd3 b5 20. a3 Qd7 21. Bb1 Qb7 22. Qd3 Bxg2 23. Bxf6 Bxf6 24. d5 Bxd5 25. Qh7+ Kf8 26. Nxd5 exd5 27. Re1 g6 28. Bxg6 Rxc1 29. Rxc1 Bg7 30. Bh5 Re5 31. Bg4 Rg5 32. h3 h5 33. f4 Rg6 34. Qxh5 Rc6 35. Re1 Qb6+ 36. Kg2 Rc2+ 37. Re2 Rxe2+ 38. Bxe2 Qd4 39. Qf5 Qxb2 40. Qc8+ Ke7 41. Qc7+ Ke6 42. Qc6+ Ke7 43. Qb7+ Ke8 44. Qc8+ Ke7 45. Qc7+ Ke6 46. Qc6+ Ke7 47. Qb7+ Ke8 48. Qc8+ Ke7 1/2-1/2

[Event "Tata Steel India"]
[Site "Kolkata IND"]
[Date "2022.12.04"]
[Round "17"]
[White "S Mamedyarov"]
[Black "Nodirbek Abdusattorov"]
[Result "1/2-1/2"]
[EventDate "2022.11.29"]
[WhiteElo "2740"]
[BlackElo "2713"]
[PlyCount "32"]

1. d4 Nf6 2. c4 e6 3. Nf3 Bb4+ 4. Bd2 Bxd2+ 5. Qxd2 O-O 6. Nc3 d5 7. e3 Qe7 8. Rc1 Rd8 9. Qc2 dxc4 10. Bxc4 c5 11. O-O cxd4 12. Nxd4 Bd7 13. Qb3 Be8 14. Rfd1 Nc6 15. Nxc6 Bxc6 16. Bb5 1/2-1/2

[Event "Tata Steel India"]
[Site "Kolkata IND"]
[Date "2022.12.04"]
[Round "18"]
[White "Nodirbek Abdusattorov"]
[Black "Parham Maghsoodloo"]
[Result "1/2-1/2"]
[EventDate "2022.11.29"]
[WhiteElo "2713"]
[BlackElo "2719"]
[PlyCount "242"]

1. e4 e5 2. Nf3 Nc6 3. Bc4 Bc5 4. d3 Nf6 5. Nc3 h6 6. O-O O-O 7. h3 d6 8. Na4 Bb6 9. a3 Be6 10. Bxe6 fxe6 11. c3 Qe8 12. b4 Ne7 13. Re1 Ng6 14. d4 Nd7 15. Be3 Rf6 16. Nh2 Nf4 17. Ng4 Rf8 18. Nxb6 axb6 19. Bxf4 Rxf4 20. g3 Rf8 21. a4 Qg6 22. Nh2 Rf6 23. Ra2 Raf8 24. Re3 Rf4 25. Rae2 h5 26. Kg2 h4 27. Ng4 hxg3 28. fxg3 exd4 29. cxd4 R4f7 30. e5 dxe5 31. dxe5 Nb8 32. b5 Nd7 33. Qc2 Qxc2 34. Rxc2 Nc5 35. a5 Rd8 36. Ra3 Ra8 37. Ne3 Rd7 38. Nc4 bxa5 39. Rxa5 Rxa5 40. Nxa5 Rd5 41. Nc4 b6 42. Ra2 Nd3 43. Ra8+ Kh7 44. Re8 Rc5 45. Ne3 Rxe5 46. Ng4 Rxb5 47. Rxe6 Rc5 48. Re3 Rd5 49. Re7 Rc5 50. Nf6+ Kg6 51. Ne8 Re5 52. Rxg7+ Kh6 53. Rxc7 Rxe8 54. Rc6+ Kg5 55. Rxb6 Re3 56. Rb5+ Ne5 57. Kf2 Re4 58. Ra5 Kf6 59. Ra6+ Kf5 60. Ra8 Nd3+ 61. Kf3 Ne5+ 62. Kf2 Rb4 63. Rf8+ Kg5 64. Kg2 Rb2+ 65. Rf2 Rb3 66. Re2 Nf7 67. Ra2 Nd6 68. Ra5+ Kf6 69. Ra6 Ke5 70. Ra5+ Ke4 71. Ra4+ Ke3 72. g4 Ne4 73. Ra2 Kf4 74. g5 Rg3+ 75. Kf1 Rxg5 76. Ra3 Rd5 77. Ra8 Kf3 78. Rf8+ Ke3 79. h4 Rd2 80. Re8 Rh2 81. h5 Rxh5 82. Kg2 Rg5+ 83. Kf1 Rg4 84. Re7 Rg8 85. Re5 Kf4 86. Re7 Kf3 87. Rf7+ Ke3 88. Re7 Rg4 89. Re8 Rg5 90. Re7 Rg6 91. Re8 Rg7 92. Re5 Kf4 93. Re8 Rd7 94. Ke1 Ke3 95. Kf1 Rd2 96. Re7 Rf2+ 97. Ke1 Rh2 98. Kf1 Rh5 99. Re8 Rh6 100. Re7 Kf3 101. Rf7+ Nf6 102. Ke1 Ke3 103. Kd1 Kd3 104. Kc1 Nd5 105. Kb2 Rb6+ 106. Kc1 Ne3 107. Rd7+ Kc3 108. Rc7+ Nc4 109. Rc8 Rg6 110. Kd1 Kd3 111. Rd8+ Nd6 112. Ke1 Ke3 113. Kd1 Kd3 114. Ke1 Rf6 115. Ra8 Nb5 116. Rd8+ Nd4 117. Rd7 Rf8 118. Rd5 Kc4 119. Rd7 Kc3 120. Rc7+ Kd3 121. Rd7 1/2-1/2

[Event "Tata Steel India"]
[Site "Kolkata IND"]
[Date "2022.12.03"]
[Round "6.1"]
[White "Nodirbek Abdusattorov"]
[Black "R Praggnanandhaa"]
[Result "0-1"]
[EventDate "2022.12.03"]
[WhiteElo "2713"]
[BlackElo "2684"]
[PlyCount "114"]

1. e4 e5 2. Nf3 Nc6 3. Bb5 a6 4. Ba4 Nf6 5. O-O b5 6. Bb3 Bb7 7. d3 Bc5 8. Nc3 O-O 9. Bg5 h6 10. Bh4 Be7 11. a4 b4 12. Bxf6 Bxf6 13. Nd5 Na5 14. Nxb4 Nxb3 15. cxb3 Rb8 16. Nd2 a5 17. Nc2 Ba6 18. Ne1 c6 19. Qc2 Qb6 20. Nef3 Qc7 21. Rfe1 Rb4 22. Rac1 Rfb8 23. h4 Qd6 24. Re3 Bd8 25. Nc4 Qe7 26. d4 Bxc4 27. bxc4 Rxb2 28. Qd3 exd4 29. Qxd4 d6 30. c5 dxc5 31. Qe5 Qxe5 32. Nxe5 Bxh4 33. Rf3 Rb1 34. Rc3 Bf6 35. f4 Bxe5 36. fxe5 Rxc1+ 37. Rxc1 Rb4 38. Rxc5 Rxa4 39. Rxc6 Rxe4 40. Rc5 a4 41. Ra5 a3 42. Rxa3 Rxe5 43. Ra7 g6 44. Kf2 Kg7 45. g3 h5 46. Kf3 g5 47. Ra6 f6 48. Ra8 Re7 49. Rb8 Ra7 50. Rc8 Ra4 51. Kg2 h4 52. gxh4 Rxh4 53. Rc5 Kg6 54. Kf3 Ra4 55. Rb5 Ra6 56. Kg4 f5+ 57. Kg3 Re6 0-1

[Event "Tata Steel India"]
[Site "Kolkata IND"]
[Date "2022.12.03"]
[Round "4.1"]
[White "Nodirbek Abdusattorov"]
[Black "Santosh Gujrathi Vidit"]
[Result "0-1"]
[EventDate "2022.12.03"]
[WhiteElo "2713"]
[BlackElo "2730"]
[PlyCount "286"]

1. e4 e6 2. d4 d5 3. e5 c5 4. c3 Nc6 5. Nf3 Bd7 6. Be3 Nge7 7. Bd3 cxd4 8. cxd4 Nb4 9. Be2 Nf5 10. O-O Be7 11. Nc3 O-O 12. a3 Nc6 13. Bd3 Nxe3 14. fxe3 f6 15. exf6 Rxf6 16. Qe2 Qb6 17. Rf2 Raf8 18. Raf1 Be8 19. Qc2 h6 20. Ne2 Bd6 21. b4 a6 22. h3 Qd8 23. Qd2 Bb8 24. Bb1 Qe7 25. g3 g5 26. Kg2 Qd6 27. Nh2 Rxf2+ 28. Rxf2 Rxf2+ 29. Kxf2 Qf8+ 30. Kg2 Ne7 31. Ng4 Nf5 32. Ne5 Bxe5 33. dxe5 Bb5 34. Bd3 Bxd3 35. Qxd3 Kg7 36. Qc3 Qf7 37. Ng1 Ne7 38. g4 Nc6 39. Nf3 Qg6 40. Kf2 Qe4 41. Qc5 Nxe5 42. Qc7+ Nf7 43. Qxb7 e5 44. Qxa6 Qc2+ 45. Qe2 Qb3 46. Qd2 Qxa3 47. Qxd5 Qxb4 48. Nd2 Qd6 49. Qa5 Qd3 50. Nf3 Kf6 51. Qb6+ Ke7 52. Qc7+ Ke6 53. Qc8+ Ke7 54. Qc5+ Kf6 55. Qb6+ Ke7 56. Kg3 Qd6 57. Qa7+ Kf6 58. Kg2 Qc6 59. Kf2 Nd6 60. Qa2 Ne4+ 61. Kg2 Qb6 62. Qe2 Qc5 63. Ne1 Nd6 64. Qf3+ Ke7 65. Kf1 Qc4+ 66. Kg1 e4 67. Qg3 Qe2 68. Qe5+ Kd7 69. Ng2 Qf3 70. Qg7+ Nf7 71. Qd4+ Ke6 72. Kh2 Ke7 73. Qd5 Kf6 74. Qd4+ Kg6 75. Qb6+ Kg7 76. Qb2+ Kh7 77. Qd2 Qf6 78. Qd5 Qf3 79. Kg1 Kg7 80. Qe6 Qxh3 81. Qxe4 Qg3 82. Kf1 Ne5 83. Qb7+ Kf6 84. Qb6+ Ke7 85. Qc7+ Ke6 86. Qb6+ Kd7 87. Qxh6 Qf3+ 88. Ke1 Qxg2 89. Qg7+ Ke6 90. Qg8+ Nf7 91. Qc8+ Kf6 92. Qc3+ Kg6 93. Qd3+ Kg7 94. Qd4+ Kf8 95. Qc5+ Ke8 96. Qc8+ Ke7 97. Qc7+ Kf6 98. Qb6+ Ke5 99. Qd4+ Ke6 100. Qb6+ Nd6 101. Qb3+ Qd5 102. Qb8 Kd7 103. Qa7+ Qb7 104. Qa4+ Qb5 105. Qd4 Ke6 106. Kf2 Qe5 107. Qa4 Qb2+ 108. Kf3 Qb7+ 109. Kf2 Ne4+ 110. Kg1 Qb1+ 111. Kg2 Qb2+ 112. Kf3 Nd2+ 113. Ke2 Nc4+ 114. Kd3 Ne5+ 115. Ke4 Qg2+ 116. Kd4 Qxg4+ 117. e4 Qg1+ 118. Kc3 Qc5+ 119. Kd2 g4 120. Qe8+ Qe7 121. Qg8+ Qf7 122. Qc8+ Kf6 123. Ke3 Qb3+ 124. Kf2 Qf3+ 125. Kg1 Qe3+ 126. Kf1 Qxe4 127. Qf8+ Nf7 128. Qg8 Qf4+ 129. Kg2 Qf3+ 130. Kh2 Qf2+ 131. Kh1 Qf1+ 132. Kh2 Qh3+ 133. Kg1 Qh5 134. Qc8 Ne5 135. Qf8+ Ke6 136. Qc8+ Kd5 137. Qb7+ Kd4 138. Qb4+ Ke3 139. Qc3+ Kf4 140. Qc1+ Kf5 141. Qc8+ Kg5 142. Qc1+ Kg6 143. Qc8 0-1

[Event "Tata Steel India"]
[Site "Kolkata IND"]
[Date "2022.12.03"]
[Round "7.2"]
[White "Wesley So"]
[Black "Nodirbek Abdusattorov"]
[Result "1-0"]
[EventDate "2022.12.03"]
[WhiteElo "2760"]
[BlackElo "2713"]
[PlyCount "102"]

1. e4 e5 2. Nf3 Nc6 3. Bc4 Nf6 4. d3 Bc5 5. c3 d6 6. O-O O-O 7. Re1 a5 8. h3 h6 9. Nbd2 Be6 10. Bb5 Nd7 11. Nf1 d5 12. Be3 dxe4 13. dxe4 Qf6 14. Qe2 Rfd8 15. Red1 Bf8 16. Ng3 a4 17. Nh2 Qg6 18. Bc4 Na5 19. Bb5 Nc6 20. Rd2 Nc5 21. Qf3 Rxd2 22. Bxd2 Rd8 23. Be3 Na7 24. Be2 Nc8 25. h4 Nd7 26. Ng4 Bc5 27. Bxc5 Bxg4 28. Qxg4 Qxg4 29. Bxg4 Nxc5 30. Bxc8 Rxc8 31. Rd1 c6 32. f3 g6 33. h5 Kg7 34. Kf2 Ra8 35. Nf1 gxh5 36. Ne3 Re8 37. Rd6 Re6 38. Nf5+ Kh7 39. Rd8 b5 40. Rf8 Rf6 41. Ke3 Ne6 42. Re8 Rg6 43. Nh4 Rf6 44. g3 Ng5 45. Rxe5 Rd6 46. Ke2 Ne6 47. Rf5 Kg8 48. Rxh5 Ng7 49. Re5 f6 50. Re7 h5 51. Rxg7+ 1-0

[Event "Tata Steel India"]
[Site "Kolkata IND"]
[Date "2022.12.03"]
[Round "8.5"]
[White "Nodirbek Abdusattorov"]
[Black "Shakhriyar Mamedyarov"]
[Result "1-0"]
[EventDate "2022.12.03"]
[WhiteElo "2713"]
[BlackElo "2740"]
[PlyCount "94"]

1. d4 d5 2. Nf3 Nf6 3. c3 g6 4. Bf4 Bg7 5. h3 O-O 6. e3 c5 7. Be2 Nc6 8. O-O Nd7 9. Nbd2 e5 10. dxe5 Ndxe5 11. Nxe5 Nxe5 12. Nf3 Nc6 13. Qb3 Na5 14. Qa3 Qb6 15. Rad1 Rd8 16. Bg5 f6 17. Bf4 Be6 18. b4 cxb4 19. cxb4 Nc4 20. Qb3 Rac8 21. Nd4 Bf7 22. h4 Bf8 23. b5 Bd6 24. Bxd6 Qxd6 25. g3 h5 26. Bf3 Qa3 27. Bg2 Qa5 28. Rfe1 Kg7 29. Bh3 Rc7 30. Rc1 Re7 31. Bg2 Rc8 32. Re2 Rec7 33. Rec2 Nd2 34. Qd3 Rxc2 35. Rxc2 Rxc2 36. Qxc2 Nc4 37. Kh2 Qb4 38. Qe2 Qb2 39. Bf1 Qb1 40. Bh3 f5 41. Qf3 Qxa2 42. Qf4 Qb2 43. Kg2 Qb1 44. Bxf5 gxf5 45. Nxf5+ Kf6 46. Qg5+ Ke6 47. Qe7+ 1-0

[Event "Tata Steel India"]
[Site "Kolkata IND"]
[Date "2022.12.03"]
[Round "9.3"]
[White "Parham Maghsoodloo"]
[Black "Nodirbek Abdusattorov"]
[Result "1/2-1/2"]
[EventDate "2022.12.03"]
[WhiteElo "2719"]
[BlackElo "2713"]
[PlyCount "128"]

1. e4 e5 2. Nf3 Nc6 3. Bb5 Bc5 4. c3 Nf6 5. O-O O-O 6. d4 Bb6 7. Re1 d6 8. h3 Bd7 9. a4 a6 10. Bc4 h6 11. b4 Re8 12. a5 Ba7 13. Qb3 Qe7 14. d5 Nb8 15. Be3 Bxe3 16. Rxe3 Nh5 17. Nbd2 Nf4 18. Bf1 Bc8 19. c4 Nd7 20. g3 Nh5 21. Rc1 b6 22. Qa3 Nhf6 23. Nb3 Rb8 24. Nfd2 h5 25. c5 b5 26. Nf3 Nf8 27. Nbd2 Ng6 28. h4 Bd7 29. Ng5 Rf8 30. cxd6 cxd6 31. Rc7 Rfc8 32. Rec3 Qd8 33. Qc1 Rxc7 34. Rxc7 Rc8 35. Rxc8 Qxc8 36. Qxc8+ Bxc8 37. Bh3 Bxh3 38. Nxh3 Ne7 39. f3 g6 40. Nf1 Nexd5 41. exd5 Nxd5 42. Nf2 Nxb4 43. Ne4 Nc6 44. Nxd6 Nxa5 45. Ne3 Nc6 46. Kf2 Kf8 47. Nd5 b4 48. Ke3 a5 49. Nb6 Ke7 50. Ne4 f5 51. Nc5 Kd6 52. Nb3 Ke6 53. Kd3 Kf6 54. Nc5 g5 55. Nd5+ Kg6 56. hxg5 Kxg5 57. Ne6+ Kg6 58. Kc4 f4 59. gxf4 exf4 60. Nexf4+ Kf5 61. Nxh5 Ne5+ 62. Kc5 Nxf3 63. Nxb4 axb4 64. Kxb4 1/2-1/2

[Event "Tata Steel India"]
[Site "Kolkata IND"]
[Date "2022.12.03"]
[Round "2.4"]
[White "Sarin Nihal"]
[Black "Nodirbek Abdusattorov"]
[Result "1/2-1/2"]
[EventDate "2022.12.03"]
[WhiteElo "2670"]
[BlackElo "2713"]
[PlyCount "76"]

1. d4 Nf6 2. Nf3 d5 3. c3 c5 4. dxc5 e6 5. Be3 a5 6. c4 Na6 7. cxd5 Qxd5 8. Bd4 Bxc5 9. Nc3 Qd8 10. e4 O-O 11. Bxa6 Bxd4 12. Qxd4 Rxa6 13. Rd1 Qxd4 14. Nxd4 Bd7 15. f3 Rc8 16. Kf2 Kf8 17. Rd2 Be8 18. Rhd1 Rb6 19. Nde2 Ke7 20. h4 Nd7 21. Nf4 Rbc6 22. Nb5 Rc5 23. Nd6 R8c7 24. b3 h6 25. Nxe8 Kxe8 26. Nd3 Rc2 27. Ke3 Ke7 28. Rxc2 Rxc2 29. Rd2 Rc7 30. g4 g5 31. hxg5 hxg5 32. Rh2 b5 33. Rh5 Kf6 34. Rh6+ Kg7 35. Rh5 Kf6 36. Rh6+ Kg7 37. Rh5 Kf6 38. Rh6+ 1/2-1/2

[Event "5th Sharjah Masters 2022"]
[Site "Sharjah UAE"]
[Date "2022.05.29"]
[Round "9.1"]
[White "Abhijeet Gupta"]
[Black "Nodirbek Abdusattorov"]
[Result "1/2-1/2"]
[EventDate "?"]
[WhiteElo "2606"]
[BlackElo "2661"]
[PlyCount "62"]

1. d4 Nf6 2. c4 g6 3. Nc3 d5 4. Nf3 Bg7 5. cxd5 Nxd5 6. e4 Nxc3 7. bxc3 c5 8. Be3 Qa5 9. Qd2 Nc6 10. Rb1 a6 11. Rc1 cxd4 12. cxd4 Qxd2+ 13. Kxd2 e6 14. Bd3 O-O 15. h4 h6 16. e5 Rd8 17. h5 g5 18. Nxg5 Nxd4 19. Bh7+ Kf8 20. Nxf7 Kxf7 21. Rc7+ Kf8 22. Rd1 Nf5+ 23. Ke2 Rxd1 24. Bc5+ Ke8 25. Kxd1 Bd7 26. Bg6+ Kd8 27. Bb6 Rc8 28. Rc6+ Ke7 29. Bc5+ Kd8 30. Bb6+ Ke7 31. Bc5+ Kd8 1/2-1/2

[Event "5th Sharjah Masters 2022"]
[Site "Sharjah UAE"]
[Date "2022.05.28"]
[Round "8.1"]
[White "Nodirbek Abdusattorov"]
[Black "Bogdan-Daniel Deac"]
[Result "1/2-1/2"]
[EventDate "?"]
[WhiteElo "2661"]
[BlackElo "2671"]
[PlyCount "88"]

1. e4 e5 2. Nf3 Nc6 3. Bc4 Nf6 4. d3 Bc5 5. Nc3 a6 6. a4 d6 7. Be3 Bb4 8. O-O Bxc3 9. bxc3 h6 10. Nd2 O-O 11. d4 Qe7 12. Re1 Ng4 13. Nf1 exd4 14. Bxd4 Nge5 15. Bb3 Na5 16. Ne3 Nxb3 17. cxb3 Nc6 18. Nd5 Qd8 19. Re3 Nxd4 20. Qxd4 Be6 21. Nf4 Qg5 22. Rg3 Qe5 23. Qxe5 dxe5 24. Nxe6 fxe6 25. Rd1 a5 26. Rd7 Rf7 27. Rgd3 Ra6 28. Rd8+ Rf8 29. Kf1 Rb6 30. c4 Rxd8 31. Rxd8+ Kf7 32. Rd3 Ke7 33. Ke2 g6 34. h4 c5 35. f4 Rd6 36. Rg3 Rd4 37. fxe5 Rxe4+ 38. Kf3 Rxh4 39. Rxg6 Kf7 40. Rf6+ Ke7 41. Rg6 Kf7 42. Rf6+ Ke7 43. Rg6 Kf7 44. Rf6+ 1/2-1/2

[Event "Sharjah Masters 5th"]
[Site "Sharjah UAE"]
[Date "2022.05.27"]
[Round "7"]
[White "Salem A R Saleh"]
[Black "Nodirbek Abdusattorov"]
[Result "0-1"]
[EventDate "?"]
[WhiteElo "2690"]
[BlackElo "2661"]
[PlyCount "64"]

1. e4 c5 2. Nf3 e6 3. d4 cxd4 4. Nxd4 Nc6 5. Nb5 d6 6. c4 Nf6 7. N1c3 a6 8. Na3 Be7 9. Be2 O-O 10. O-O b6 11. Be3 Bb7 12. Qb3 Nd7 13. Rfd1 Nc5 14. Qc2 Bf6 15. f3 Be5 16. Bf1 f5 17. f4 Bxc3 18. Qxc3 Nxe4 19. Qb3 Rb8 20. Bxb6 Qh4 21. Qe3 e5 22. g3 Qf6 23. Bg2 exf4 24. gxf4 Qg6 25. Nc2 Ne5 26. Qe2 Ng4 27. Rd3 Nef6 28. Bd4 Rfe8 29. Qf1 Nh5 30. Rd2 Re4 31. Re1 Rxf4 32. Qd3 Nf2 0-1

[Event "Sharjah Masters 5th"]
[Site "Sharjah UAE"]
[Date "2022.05.26"]
[Round "6"]
[White "Nodirbek Abdusattorov"]
[Black "Manuel Petrosyan"]
[Result "1-0"]
[EventDate "?"]
[WhiteElo "2661"]
[BlackElo "2638"]
[PlyCount "94"]

1. e4 e5 2. Nf3 Nc6 3. Bc4 Bc5 4. Nc3 Nf6 5. d3 d6 6. Na4 Bb6 7. a3 Qe7 8. O-O O-O 9. b4 a6 10. Nxb6 cxb6 11. Bg5 b5 12. Ba2 h6 13. Be3 Be6 14. c3 Rfe8 15. Qe2 d5 16. exd5 Nxd5 17. Bxd5 Bxd5 18. Nd2 f5 19. Rfe1 Qf6 20. f3 Bf7 21. Bf2 Rad8 22. Rad1 Rd7 23. Nf1 Red8 24. Ng3 h5 25. h3 h4 26. Nf1 g5 27. Bc5 Kh7 28. Ne3 Kg6 29. Qc2 Be6 30. Bb6 Rc8 31. d4 exd4 32. Ng4 Qf7 33. cxd4 Rd5 34. Qb1 Re8 35. Kh2 Rd7 36. Ne5+ Nxe5 37. dxe5 Rxd1 38. Rxd1 Bd5 39. Qb2 Bc6 40. Bd8 g4 41. Bf6 gxf3 42. gxf3 Rg8 43. Qf2 Qc4 44. Rd4 Qb3 45. Rd8 Bd5 46. Rxg8+ Bxg8 47. Qg2+ 1-0

[Event "Sharjah Masters 5th"]
[Site "Sharjah UAE"]
[Date "2022.05.25"]
[Round "5"]
[White "Misratdin Iskandarov"]
[Black "Nodirbek Abdusattorov"]
[Result "0-1"]
[EventDate "?"]
[WhiteElo "2601"]
[BlackElo "2661"]
[PlyCount "72"]

1. e4 e5 2. Nf3 Nc6 3. Bb5 a6 4. Ba4 Nf6 5. O-O Bc5 6. Bxc6 dxc6 7. Qe1 O-O 8. d3 Nd7 9. Be3 Re8 10. Nbd2 Bd6 11. Nc4 Nf8 12. Qc3 f6 13. a4 Bg4 14. Nfd2 Ne6 15. a5 Kh8 16. Qb3 Qd7 17. Nxd6 cxd6 18. Nc4 Qe7 19. Ra4 Rac8 20. Qa3 Rcd8 21. Bb6 Rd7 22. Ne3 Bh5 23. Re1 Nf4 24. Nf5 Qe6 25. Be3 g5 26. Qa2 d5 27. Ng3 Bf3 28. gxf3 Qh3 29. Bxf4 gxf4 30. exd5 Rg8 31. dxc6 fxg3 32. Qxg8+ Kxg8 33. hxg3 bxc6 34. Rb4 Rd5 35. Rb6 Rxa5 36. Rxc6 e4 0-1

[Event "Sharjah Masters 5th"]
[Site "Sharjah UAE"]
[Date "2022.05.24"]
[Round "4"]
[White "Nodirbek Abdusattorov"]
[Black "Aryan Chopra"]
[Result "1-0"]
[EventDate "?"]
[WhiteElo "2661"]
[BlackElo "2609"]
[PlyCount "98"]

1. e4 c5 2. Nf3 Nc6 3. d4 cxd4 4. Nxd4 Nf6 5. Nc3 e5 6. Ndb5 d6 7. Nd5 Nxd5 8. exd5 Nb8 9. a4 Be7 10. Be2 O-O 11. O-O Nd7 12. Bd2 a6 13. Na3 a5 14. Nb5 Nc5 15. c3 Bd7 16. b4 Ne4 17. Be1 axb4 18. cxb4 Rc8 19. a5 Bg5 20. Qb3 Bxb5 21. Bxb5 Nd2 22. Bxd2 Bxd2 23. Ra2 Qg5 24. a6 bxa6 25. Bxa6 Rb8 26. b5 e4 27. b6 e3 28. b7 exf2+ 29. Kxf2 Rfe8 30. Kg1 Be3+ 31. Kh1 Bc5 32. Re2 Rxe2 33. Bxe2 Qe5 34. Ba6 g6 35. Qh3 f5 36. Qh4 Qe4 37. Qf6 Qe3 38. Qa1 Kf7 39. Re1 Qd2 40. Re6 Bd4 41. Qe1 Qxe1+ 42. Rxe1 Ba7 43. g3 Re8 44. Ra1 Re7 45. Rc1 Kf6 46. Kg2 Re3 47. Rc8 Ra3 48. Bb5 Ra2+ 49. Kf1 1-0